ՀՀ Գիտությունների ազգային ակադեմիայի հիմնարար գիտական գրադարան  =   Fundamental Scientific Library of NAS RA

Системы возбуждения синхронных генераторов с управляемыми преобразователями / (Record no. 397099)

MARC details
000 -LEADER
fixed length control field 00768nam-a2200193-a-4500
001 - CONTROL NUMBER
control field YSU0159678
003 - CONTROL NUMBER IDENTIFIER
control field AM-YeHGA
005 - DATE AND TIME OF LATEST TRANSACTION
control field 20250617153736.0
008 - FIXED-LENGTH DATA ELEMENTS--GENERAL INFORMATION
fixed length control field 990609s1960 xxu 000 0 rus u
040 ## - CATALOGING SOURCE
Original cataloging agency AM-YeHGA
090 ## - LOCALLY ASSIGNED LC-TYPE CALL NUMBER (OCLC); LOCAL CALL NUMBER (RLIN)
-- 399187
100 10 - MAIN ENTRY--PERSONAL NAME
Personal name Глебов, Игорь Алексеевич
245 10 - TITLE STATEMENT
Title Системы возбуждения синхронных генераторов с управляемыми преобразователями /
Statement of responsibility, etc. И.А. Глебов
260 0# - PUBLICATION, DISTRIBUTION, ETC.
Place of publication, distribution, etc. Л.,
-- Москва :
Name of publisher, distributor, etc. АН СССР ,
Date of publication, distribution, etc. 1960.
300 ## - PHYSICAL DESCRIPTION
Extent 336 с.
550 ## - ISSUING BODY NOTE
Issuing body note Ин-т электромеханики АН СССР
650 #4 - SUBJECT ADDED ENTRY--TOPICAL TERM
Topical term or geographic name entry element Общетехнические дисциплины
710 2# - ADDED ENTRY--CORPORATE NAME
Corporate name or jurisdiction name as entry element Ин-т электромеханики АН СССР
Holdings
Withdrawn status Lost status Source of classification or shelving scheme Damaged status Not for loan Collection Home library Current library Date acquired Total checkouts Full call number Barcode Date last seen Price effective from Koha item type Public note
    Universal Decimal Classification     General Fundamental Scientific Library Fundamental Scientific Library 11/01/2018   PIII/5295 FL0470476 11/01/2018 11/01/2018 Գրքեր / Books 30 Days Loan
          General Fundamental Scientific Library Fundamental Scientific Library 16/01/2018   PIII/5795 FL0471691 16/01/2018 16/01/2018 Գրքեր / Books 30 Days Loan


ՀՀ ԳԱԱ հիմնարար գիտական գրադարան
ՀՀ,Երևան 0019
Մարշալ Բաղրամյան 24/6
հեռախոս:(374-10) 52-47-50
Հետադարձ կապ

All site content, except where otherwise noted, is licensed under a
Creative Commons License